[Event "NOR-ch U12"]
[Site "Oslo"]
[Date "2011.11.??"]
[Round "3"]
[White "Haug, Johannes"]
[Black "Solem, Thomas"]
[Result "1-0"]
[WhiteElo "1791"]
[BlackElo "998"]
[PlyCount "33"]
[EventDate "2011.11.25"]
[EventType "swiss"]
[EventRounds "7"]
[EventCountry "NOR"]
[SourceTitle "EXT 2024"]
[Source "ChessBase"]
[SourceDate "2023.10.10"]
[SourceVersion "1"]
[SourceVersionDate "2023.10.10"]
[SourceQuality "1"]

1. e4 e6 2. d3 c5 3. g3 Nc6 4. Bg2 d5 5. Nd2 g6 6. Ngf3 Bg7 7. 0-0 Nf6 8. Re1 0-0 9. h4 b6 10. Nh2 Nd7 11. exd5 exd5 12. Bxd5 Qc7 13. Nc4 Bd4 14. Bf4 Qb7 15. Nd6 Qc7 16. Nxf7 Qb7 17. Nd6+ 1-0